|
|
|
|
| LEADER |
00000nam0a2200000 4500 |
| 001 |
158860 |
| 005 |
20231031154744.0 |
| 010 |
|
|
|a 5902625017
|
| 035 |
|
|
|a (RuTPU)RU\TPU\book\172291
|
| 090 |
|
|
|a 158860
|
| 100 |
|
|
|a 20090429d2004 k y0rusy50 ca
|
| 101 |
0 |
|
|a rus
|
| 102 |
|
|
|a RU
|
| 105 |
|
|
|a a z 001zy
|
| 200 |
1 |
|
|a Повышение эффективности извлечения нефти из пластов
|f Всероссийский нефтегазовый научно-исследовательский институт им. А. П. Крылова (ВНИИнефть); под ред. А. Х. Шахвердиева; С. А. Жданова
|
| 210 |
|
|
|a Москва
|c Изд-во ВНИИнефть
|d 2004
|
| 215 |
|
|
|a 200 с.
|c ил.
|
| 225 |
1 |
|
|a Сборник научных трудов
|h Вып. 130
|
| 320 |
|
|
|a Библиография в конце глав.
|
| 330 |
|
|
|a В сборнике представлены результаты исследований по анализу состояния и возможности повышения эффективности извлечения нефти из пластов. Анализ длительно осваиваемых районов Урало-Поволжья и Западной Сибири позволил выявить обобщенные зависимости уровней добычи нефти от степени выработанности запасов. Ухудшение структуры запасов страны происходит не только за счет открытия месторождений с худшими геолого-физическими параметрами, но и за счет опережающей выработки высокопродуктивных объектов. Приведена количественная оценка влияния этих факторов на изменение структуры запасов.Представлены результаты лабораторных исследований технологии щелочного заводнения с учетом взаимодействия щелочных растворов с активными компонентами, содержащимися в высокосмолистых тяжелых нефтях. Происходящая реакция выделения двуокиси углерода и образование в пористой среде газожидкостной системы приводят к дополнительному извлечению нефти. Рассмотрены особенности взаимодействия нефтей различного типа с диоксидом углерода при его внутрипластовой генерации. На основе численных моделей изучены особенности реализации термогазового воздействия и его эффективность в пластах, содержащих легкие нефти. Представлена обобщающая работа по проблемам и перспективам разработки газогидратных месторождений. Предлагается принципиально новый подход к разработке таких месторождений. Приводятся данные по применению гелеобразующих составов на основе силиката натрия для изоляции пластовых вод. На примере проектирования нестационарного заводнения на Солкинском и Восточно-Сургутском месторождениях рассматривается эффективность этого метода в зависимости от программы его реализации и геолого-физических особенностей пластов. Приведены результаты исследований взаимодействия поверхности пористых сред с фильтрующимися через них несмешивающимися флюидами. Рассматривается корреляционная связь между показателем смачиваемости, проницаемостью и остаточной нефтенасыщенностью.
|
| 606 |
1 |
|
|a Нефтедобыча
|x Интенсификация
|2 stltpush
|3 (RuTPU)RU\TPU\subj\45681
|
| 610 |
1 |
|
|a нефтяные пласты
|
| 610 |
1 |
|
|a нефть
|
| 610 |
1 |
|
|a Урало-Поволжье
|
| 610 |
1 |
|
|a Западная Сибирь
|
| 610 |
1 |
|
|a запасы
|
| 610 |
1 |
|
|a лабораторные исследования
|
| 610 |
1 |
|
|a заводнение
|
| 610 |
1 |
|
|a щелочные растворы
|
| 610 |
1 |
|
|a диоксид углерода
|
| 610 |
1 |
|
|a термогазовое воздействие
|
| 610 |
1 |
|
|a газогидратные месторождения
|
| 610 |
1 |
|
|a гелеобразующие составы
|
| 610 |
1 |
|
|a пластовые воды
|
| 610 |
1 |
|
|a изомеризация
|
| 675 |
|
|
|a 622.276.6
|v 3
|
| 702 |
|
1 |
|a Шахвердиев
|b А. Х.
|4 340
|
| 702 |
|
1 |
|a Жданов
|b С. А.
|4 340
|
| 712 |
0 |
2 |
|a Всероссийский нефтегазовый научно-исследовательский институт им. А. П. Крылова (ВНИИнефть)
|c (Москва)
|c (1992- )
|2 stltpush
|3 (RuTPU)RU\TPU\col\244
|
| 801 |
|
1 |
|a RU
|b 63413507
|c 20090429
|g PSBO
|
| 801 |
|
2 |
|a RU
|b 63413507
|c 20140627
|g RCR
|
| 900 |
|
|
|a Мониторинг и регулирование процессов извлечения нефти
|
| 942 |
|
|
|c BK
|
| 959 |
|
|
|a 56/20090428
|d 1
|e 720,00
|f ЧЗТЛ:1
|